000 00517nam a2200169 i 4500
001 21529
003 ES-MaACL
005 20250430203726.0
007 t|
008 021126s1968 sp ||||1| spa d
100 1 _aAlberti, Rafael,
_d1902-1999
_9240174
245 1 0 _aMarinero en tierra
_b: (1924) /
_cRafael Alberti ; ilustraciones del autor.
260 _aMadrid :
_bBiblioteca Nueva,
_c1968.
300 _a203 p. :
_b1 retr. aut. ;
_c23 cm.
852 _aES-MaACL
_jC-35175
999 _c21529
_d21529